| 000 | 00601nam a22001817a 4500 | ||
|---|---|---|---|
| 999 |
_c189688 _d189688 |
||
| 005 | 20220711120442.0 | ||
| 010 | _aUR-11640 | ||
| 020 |
_a9789393785084 _c400.00 |
||
| 035 | _aU-10195 | ||
| 037 |
_bDBAD/PUB _a- |
||
| 082 | _a841.08 | ||
| 245 |
_aغزل کل یات / _cمرتب - سید احمد شمیم |
||
| 246 |
_aGhazal Kulliyaat / _bcompiled by Syed Ahmed Shamim |
||
| 260 |
_aNew Delhi _bEducational Publishing House _c2022 ء |
||
| 270 |
_aH.o. D1/16, Ansari Road, Daryaganj _bNew Delhi _e110002 |
||
| 300 |
_a224 ص _c22cm(Hb) |
||
| 942 |
_2ddc _cUR _h841.08 _mغ ز ل |
||